00933cam a2200265 a 450000100100000000500170001000800410002704000300006808200200009810000370011824500730015526000480022830000200027649000150029665000260031165000280033765000310036565000340039670000340043083000220046491000340048604900090052095201230052999900150065200000613520200929151938.0830914s1982 cu 000 p spa  aDO-SdBNPbspacDLCdBNPHU aCu861.44bD559i1 aDiego, Eliseo.d1920-199491725910aInventario de asombros /cEliseo Diego ; edición, Eliana Dávila. aLa Habana, (Cuba) :bLetras Cubanas,c1982. a61 p. ;c19 cm.1 aGiraldilla 4aPoesía cubana95226 4aLiteratura cubana91483 4aEternidadxPoesía917261 4aCrepúsculoxPoesía9172621 aDávila, Eliana,eed.911227 0aGiraldilla.98904 aCatalogación por copia / LC aBNGR 001052708MOaGRbGRcCTd2009-08-26iLF1l0oCu861.44 D559ip6135-10r2020-06-25w2020-06-25y2ZPréstamo interno c5931d5931